Normal view
MARC view
Entry Personal Name
001 - CONTROL NUMBER
- control field: 1375
003 - CONTROL NUMBER IDENTIFIER
- control field: OSt
005 - DATE AND TIME OF LATEST TRANSACTION
- control field: 20260511155159.0
008 - FIXED-LENGTH DATA ELEMENTS
- fixed length control field: 260511|| aca||aabn | a|a d
040 ## - CATALOGING SOURCE
- Original cataloging agency: OSt
- Transcribing agency: OSt
100 ## - HEADING--PERSONAL NAME
- Personal name: G. Ramajayam
670 ## - SOURCE DATA FOUND
- Source citation: Work cat.: (OSt)17709: G. Ramajayam, Effect of Add-on yoga therapy on social cognition in schizoophrenia, 2018